| 000 | 00689cam a22002413a 4500 | ||
|---|---|---|---|
| 001 | 27180 | ||
| 003 | PGUSA | ||
| 005 | 20140828083604.0 | ||
| 008 | 081106s2008||||xxu|||||s|||||000 1 eng d | ||
| 040 |
_aPGUSA _beng |
||
| 042 | _adc | ||
| 050 | 4 | _aPR | |
| 100 | 1 |
_aWalpole, Hugh, _cSir, _d1884-1941 |
|
| 245 | 1 | 4 |
_aThe Wooden Horse _h[electronic resource] / _cHugh, Walpole |
| 260 |
_bProject Gutenberg, _c2008 |
||
| 506 | _aPublic domain in the USA. | ||
| 516 | _aElectronic text | ||
| 653 | _aFathers and sons -- Fiction | ||
| 653 | _aCornwall (England : County) -- Fiction | ||
| 830 | 0 |
_aProject Gutenberg _v27180 |
|
| 856 | 4 | 0 | _uhttp://www.gutenberg.org/ebooks/27180 |
| 942 | _cEB | ||
| 999 |
_c256435 _d256435 |
||